[Event "FRA-chT1 0910"]
[Site "France"]
[Date "2009.10.17"]
[Round "2.8"]
[White "Jeannerot, Pierre Marie"]
[Black "Pecqueux, Edouard"]
[Result "0-1"]
[WhiteElo "1230"]
[BlackElo "1841"]
[PlyCount "68"]
[EventDate "2009.09.27"]
[EventType "team-tourn"]
[EventRounds "11"]
[EventCountry "FRA"]
[SourceTitle "EXT 2011"]
[Source "ChessBase"]
[SourceDate "2010.11.26"]
[SourceVersion "1"]
[SourceVersionDate "2010.11.26"]
[SourceQuality "1"]

1. e4 c5 2. Bc4 e6 3. d3 a6 4. a4 Nc6 5. Nf3 Bd6 6. Nbd2 Nf6 7. e5 Nxe5 8. Nxe5 Bxe5 9. Nf3 Bc7 10. Be3 d5 11. Bb3 Qd6 12. h3 Bd7 13. Qd2 0-0 14. Bf4 Qxf4 15. Qxf4 Bxf4 16. 0-0 b5 17. d4 cxd4 18. Nxd4 Be5 19. Nf3 Bxb2 20. Ra2 Bc3 21. Ne1 Ne4 22. Nd3 Rfc8 23. a5 Rc7 24. Nc1 Rac8 25. Ne2 Bb4 26. Nd4 Bc5 27. Ne2 b4 28. Ba4 Bxa4 29. Rxa4 Bd6 30. Nd4 Rc4 31. Ra2 Rxd4 32. f3 Ng3 33. Re1 Rd2 34. Kh2 Rc3 0-1